| 000 | 00496nam a22001817a 4500 | ||
|---|---|---|---|
| 999 |
_c41062 _d41062 |
||
| 003 | OSt | ||
| 005 | 20210304105726.0 | ||
| 008 | 210304b ||||| |||| 00| 0 eng d | ||
| 020 | _a9788131526354 | ||
| 040 | _coclc | ||
| 082 |
_a803 _bABR/G |
||
| 100 |
_95517 _aAbrams, M H |
||
| 245 |
_aA Glossary Of Literary Terms / _cM H Abrams |
||
| 250 | _a11th Ed. | ||
| 260 |
_aAndover: _bCengage Learning, _c2015. |
||
| 300 | _a430p | ||
| 942 |
_2ddc _cBK _h803 _iABR/G _k803 _mABR/G |
||